| 000 | 00976nam a2200277 i 4500 | ||
|---|---|---|---|
| 003 | EG-GICUC | ||
| 005 | 20260328103848.0 | ||
| 008 | 260328s1936 ua ||||fr|||| 00| 0 fre d | ||
| 040 |
_aEG-GiCUC _bfre _cEG-GiCUC _dEG-GiCUC _eRda |
||
| 082 | 0 | 4 |
_221 _a341.33 _bM O . N |
| 092 | 0 | 4 | _221 |
| 099 | _aLaw1 11 341.33 M O . N 1936 | ||
| 100 | 1 |
_aNahas,Mustapha _eAuteur |
|
| 245 |
_aNégociations Officielles Entre Les Gouvernements Égyptien Et Britannique : Négociations Nahas - Henderson / _cMustapha Nahas . |
||
| 264 | 1 |
_aLe Caire : _bImprimerie Nationale, Boulac , _c1936 . |
|
| 300 |
_a142 page ; _c24 cm. |
||
| 336 |
_2rda contenu _a texte |
||
| 337 |
_2rda medias _aOrdinateur |
||
| 338 |
_2 transporteur rda _a Ressource en ligne |
||
| 546 | _aTexte en français | ||
| 650 | _aDroit International Public | ||
| 650 | _aDiplomatie Et Corps Diplomatique | ||
| 856 | 4 | 0 | _uhttps://fll.law.cu.edu.eg/fulltext/bks/B11-07921.pdf |
| 905 | _a59 | ||
| 942 |
_2ddc _n0 _cBK _e21 |
||
| 999 |
_c67067 _d67067 |
||